| 000 | 00925nas a2200289 4500 | ||
|---|---|---|---|
| 001 | BR2013003536 | ||
| 003 | BR-BrBNA | ||
| 005 | 20231205122302.0 | ||
| 007 | ta | ||
| 008 | 230509b bl.|||p| |||| 00| 00por d | ||
| 040 |
_aBR-BrBNA _bpor _cBiblioteca Nacional de Agricultura |
||
| 041 | _a(Pt) | ||
| 072 | _aH20; F63 | ||
| 100 | 1 | _aGolle, D.P. | |
| 100 | 1 | _aReiniger, L.R.S. | |
| 100 | 1 | _aBelle, R.A. | |
| 100 | 1 | _aCurti, A.R. | |
| 245 | 1 | _aDesinfestação superficial de explantes isolados de ramos semilenhosos e herbáceos de Eugenia involucrata DC. (Myrtaceae) | |
| 650 | _aÁRVORE ORNAMENTAL | ||
| 650 | _aCONTAMINAÇÃO BACTERIANA | ||
| 650 | _aPROPAGAÇÃO VEGETATIVA | ||
| 650 | _aEUGENIA INVOLUCRATA | ||
| 650 | _aRIO GRANDE DO SUL | ||
| 773 | 0 |
_tCerne (Brazil) _xISSN 0104-7760 _g(Jan-Mar 2013), V. 19(1) p. 77-82 _wBR2013003536 |
|
| 909 |
_a202311 _bLúcia _c55 _dLúcia Elande |
||
| 942 |
_2AGRIS _n0 _cANA |
||
| 999 |
_c227873 _d227873 |
||